Normal view
MARC view
- Prussia (Germany)
Entry Geographic Name
001 - CONTROL NUMBER
- control field: 91413
003 - CONTROL NUMBER IDENTIFIER
- control field: NUST
005 - DATE AND TIME OF LATEST TRANSACTION
- control field: 20220509155513.0
008 - FIXED-LENGTH DATA ELEMENTS
- fixed length control field: 220509|| aca||aabn | a|a d
040 ## - CATALOGING SOURCE
- Original cataloging agency: NUST
- Transcribing agency: NUST
151 ## - HEADING--GEOGRAPHIC NAME
- Geographic name: Prussia (Germany)
- General subdivision: History
- Chronological subdivision: 1806-1815
- Form subdivision: Fiction
670 ## - SOURCE DATA FOUND
- Source citation: Work cat.: (NUST)0: Gregorio, Michael. 91408, A visible darkness /, 2009.
